| 000 | 00750nam a2200241Ia 4500 | ||
|---|---|---|---|
| 003 | OSt | ||
| 005 | 20220925181901.0 | ||
| 006 | a|||||r|||| 00| 0 | ||
| 007 | ta | ||
| 008 | 220923b |||||||| |||| 00| 0 eng d | ||
| 037 | _cGeneral Book | ||
| 040 |
_aRTL _cRTL _beng |
||
| 041 |
_2eng _aeng |
||
| 082 | _aU1.78.K20<--I97, L2 | ||
| 100 |
_aMcManis Douglas R _995814 |
||
| 245 | 0 | _aEuropean impressions of the new England coast 1497-1620 | |
| 260 |
_aChicago _bUniversity of Chicago Department of Geography _c1972 |
||
| 300 |
_avii, 147p. Illustrations;p7-125 _ccm. |
||
| 500 | _aBibliography:p139-147 | ||
| 650 | _aGeography | ||
| 942 |
_hU1.78.K20<--I97, L2 _cGB _2CC |
||
| 999 |
_c500617 _d500617 |
||